| 000 | 01475cam a2200373 a 4500 | ||
|---|---|---|---|
| 090 | _c0 | ||
| 001 | 14967300 | ||
| 005 | 20201128013513.0 | ||
| 008 | 070814s2008 ne a b 001 0 eng | ||
| 010 | _a2007033726 | ||
| 020 | _a9780123735669 (pbk. : alk. paper) | ||
| 020 | _a0123735661 (pbk. : alk. paper) | ||
| 035 | _a(OCoLC)ocn166290628 | ||
| 035 | _a(OCoLC)166290628 | ||
| 040 |
_aDLC _cDLC _dBTCTA _dBAKER _dYDXCP _dC#P _dIXA _dDLC |
||
| 050 | 0 | 0 |
_aTK5105.59 _b.I5247 2008 |
| 082 | 0 | 0 |
_a005.8 _222 _bQIA |
| 245 | 0 | 0 |
_aInformation Assurance : _bDependability and Security in Networked Systems / _cYi Qian ... [et al.]. |
| 260 |
_aAmsterdam ; _aBoston : _bElsevier/Morgan Kaufmann, _cc2008. |
||
| 300 |
_axxxvii, 537 p. : _bill. ; _c25 cm. |
||
| 440 | 4 | _aThe Morgan Kaufmann series in networking | |
| 440 | 4 | _aThe Morgan Kaufmann series in computer security | |
| 504 | _aIncludes bibliographical references and index. | ||
| 650 | 0 |
_aComputer networks _xSecurity measures. |
|
| 650 | 0 |
_aComputer networks _xReliability. |
|
| 650 | 0 | _aComputer security. | |
| 700 | 1 |
_aQian, Yi, _d1962- |
|
| 700 | 1 |
_aJoshi, James _d1962- _92051 |
|
| 700 | 1 |
_aTipper, David _d1962- _92052 |
|
| 700 | 1 |
_aKrishnamurthy, Prashant _d1962- _92053 |
|
| 856 | 4 | 2 |
_3Publisher description _uhttp://www.loc.gov/catdir/enhancements/fy0808/2007033726-d.html |
| 942 |
_2ddc _cBB |
||
| 999 |
_c10757 _d10757 |
||